Music Quiz

Random Music Quiz
Score 0/69 Timer 11:00
0 Plays Today
% Correct
Absolutely Cuckoo
93.3%
The Luckiest Guy on the Lower East Side
91.7%
Punk Love
91.7%
The Book of Love
90%
All My Little Words
88.3%
I Don't Believe in the Sun
86.7%
Reno Dakota
85%
Zebra
85%
Papa Was a Rodeo
83.3%
A Chicken with Its Head Cut Off
81.7%
How F***ing Romantic
80%
Sweet-Lovin' Man
78.3%
Roses
78.3%
Underwear
78.3%
Come Back From San Francisco
76.7%
Let's Pretend We're Bunny Rabbits
76.7%
The Things We Did and Didn't Do
76.7%
Grand Canyon
76.7%
Epitaph for My Heart
76.7%
I Shatter
76.7%
Yeah! Oh, Yeah!
76.7%
I Don't Want to Get Over You
75%
World Love
75%
Xylophone
75%
When My Boy Walks Down the Street
73.3%
Time Enough for Rocking When We're Old
73.3%
Love Is Like a Bottle of Gin
73.3%
Busby Berkeley Dreams
71.7%
Nothing Matters When We're Dancing
70%
Fido, Your Leash Is Too Long
70%
Experimental Music Love
70%
Very Funny
66.7%
Long-Forgotten Fairytale
66.7%
My Only Friend
63.3%
Abigail, Belle of Kilronan
61.7%
% Correct
For We Are the King of the Boudoir
61.7%
The Cactus Where Your Heart Should Be
60%
Boa Constrictor
60%
Wi' Nae Wee Bairn Ye'll Me Beget
60%
I Think I Need a New Heart
58.3%
Promises of Eternity
58.3%
Strange Eyes
58.3%
Meaningless
58.3%
The Night You Can't Remember
58.3%
Love Is Like Jazz
56.7%
Kiss Me Like You Mean It
56.7%
Acoustic Guitar
56.7%
You're My Only Home
55%
Asleep and Dreaming
55%
A Pretty Girl Is Like...
50%
Queen of the Savages
48.3%
The Sun Goes Down and the World Goes Dancing
46.7%
Blue You
46.7%
Washington, D.C.
45%
My Sentimental Melody
43.3%
The Death of Ferdinand de Saussure
41.7%
Parades Go By
40%
No One Will Ever Love You
40%
The Way You Say Good-Night
38.3%
The One You Really Love
31.7%
If You Don't Cry
31.7%
Love in the Shadows
31.7%
It's a Crime
28.3%
Bitter Tears
28.3%
I'm Sorry I Love You
25%
Two Kinds of People
23.3%
I Can't Touch You Anymore
21.7%
(Crazy For You But) Not That Crazy
20%
How You Say Goodbye
13.3%
Remove Ads.
Support Sporcle.
Get the best of Sporcle when you Go Orange. This ad-free experience offers more features, more stats, and more fun while also helping to support Sporcle. Thank you for becoming a member.

You're not logged in!

Compare scores with friends on all Sporcle quizzes.
OR
Log In

Show Comments

Extras

Created May 11, 2011ReportNominate
Tags:Love, Love Songs

Top Quizzes Today


Score Distribution

Your Account Isn't Verified!

In order to create a playlist on Sporcle, you need to verify the email address you used during registration. Go to your Sporcle Settings to finish the process.

Report this User

Report this user for behavior that violates our Community Guidelines.

Details: